| 000 | 00278nam a22000977a 4500 | ||
|---|---|---|---|
| 999 |
_c23430 _d23430 |
||
| 003 | Nust | ||
| 005 | 20170322160730.0 | ||
| 008 | 131003b xxu||||| |||| 00| 0 eng d | ||
| 020 |
_a0764575228 _cAvailable |
||
| 040 |
_aDLC _bDLC _cRCMS |
||
| 082 |
_22nd, ed. _a621.382 HOR |
||
| 100 | _aHorak Ray | ||
| 245 |
_aCommunication Systems & Networks _bAn incisive overview of network convergence, from voice and data to video and multimedia,from wired to wireless |
||
| 250 | _a2nd,ed | ||
| 260 |
_aUSA _bM & T Books _cc2000 |
||
| 300 |
_axlii,697,p: _bill: _c26,cm. |
||
| 650 | _aNetworking | ||
| 856 | _3Table of Content Only | ||
| 942 |
_2ddc _cBK |
||